Statistics for 2002 College Football AP Poll

Click here to take the quiz!

General Stats

  • This quiz has been taken 21 times
  • The average score is 388 of 450

Answer Stats

WeekRankTeamWLConference% Correct
Week 13 (11/17)12Michigan92Big Ten
100%
Week 16 (12/8)12Michigan93Big Ten
100%
Week 8 (10/13)11Michigan51Big Ten
100%
Week 5 (9/22)14Michigan31Big Ten
100%
Week 7 (10/6)13Michigan41Big Ten
100%
Week 10 (10/27)15Michigan62Big Ten
100%
Week 11 (11/3)13Michigan72Big Ten
100%
Week 1 (8/26)13Michigan00Big Ten
100%
Preseason12Michigan00Big Ten
100%
Week 14 (11/24)12Michigan93Big Ten
100%
Week 15 (12/1)13Michigan93Big Ten
100%
Postseason9Michigan103Big Ten
100%
Week 12 (11/10)12Michigan82Big Ten
100%
Week 2 (9/2)7Michigan10Big Ten
100%
Week 4 (9/15)14Michigan21Big Ten
100%
Week 9 (10/20)8Michigan61Big Ten
100%
Week 3 (9/8)7Michigan20Big Ten
100%
Week 6 (9/29)14Michigan41Big Ten
100%
Week 1 (8/26)9Nebraska10Big 12
100%
Week 2 (9/2)9Nebraska20Big 12
100%
Week 3 (9/8)8Nebraska30Big 12
100%
Week 4 (9/15)18Nebraska31Big 12
100%
Week 5 (9/22)20Nebraska31Big 12
100%
Preseason10Nebraska00Big 12
100%
Week 11 (11/3)3Ohio State100Big Ten
100%
Week 10 (10/27)6Ohio State90Big Ten
100%
Week 3 (9/8)6Ohio State20Big Ten
100%
Week 15 (12/1)2Ohio State120Big Ten
100%
Week 7 (10/6)5Ohio State60Big Ten
100%
Week 6 (9/29)5Ohio State50Big Ten
100%
Week 2 (9/2)8Ohio State10Big Ten
100%
Preseason13Ohio State00Big Ten
100%
Week 5 (9/22)6Ohio State40Big Ten
100%
Week 8 (10/13)4Ohio State70Big Ten
100%
Week 1 (8/26)10Ohio State10Big Ten
100%
Week 12 (11/10)2Ohio State110Big Ten
100%
Week 14 (11/24)2Ohio State120Big Ten
100%
Week 13 (11/17)2Ohio State120Big Ten
100%
Postseason1Ohio State140Big Ten
100%
Week 4 (9/15)6Ohio State30Big Ten
100%
Week 16 (12/8)2Ohio State130Big Ten
100%
Week 9 (10/20)4Ohio State80Big Ten
100%
Week 14 (11/24)3Oklahoma101Big 12
100%
Week 3 (9/8)2Oklahoma20Big 12
100%
Week 13 (11/17)4Oklahoma91Big 12
100%
Week 11 (11/3)1Oklahoma80Big 12
100%
Week 12 (11/10)4Oklahoma81Big 12
100%
Week 4 (9/15)2Oklahoma30Big 12
100%
Week 2 (9/2)2Oklahoma10Big 12
100%
Week 15 (12/1)8Oklahoma102Big 12
100%
Week 8 (10/13)2Oklahoma60Big 12
100%
Week 16 (12/8)8Oklahoma112Big 12
100%
Week 10 (10/27)2Oklahoma70Big 12
100%
Week 1 (8/26)1Oklahoma00Big 12
100%
Postseason5Oklahoma122Big 12
100%
Preseason2Oklahoma00Big 12
100%
Week 9 (10/20)2Oklahoma70Big 12
100%
Week 6 (9/29)3Oklahoma40Big 12
100%
Week 7 (10/6)2Oklahoma50Big 12
100%
Week 5 (9/22)2Oklahoma30Big 12
100%
Postseason6Texas112Big 12
100%
Week 3 (9/8)3Texas10Big 12
100%
Week 7 (10/6)3Texas50Big 12
100%
Week 12 (11/10)4Texas91Big 12
100%
Week 11 (11/3)4Texas81Big 12
100%
Week 6 (9/29)2Texas40Big 12
100%
Preseason4Texas00Big 12
100%
Week 14 (11/24)10Texas92Big 12
100%
Week 8 (10/13)8Texas51Big 12
100%
Week 16 (12/8)9Texas102Big 12
100%
Week 13 (11/17)11Texas92Big 12
100%
Week 4 (9/15)3Texas20Big 12
100%
Week 1 (8/26)3Texas00Big 12
100%
Week 5 (9/22)3Texas30Big 12
100%
Week 15 (12/1)9Texas102Big 12
100%
Week 9 (10/20)7Texas61Big 12
100%
Week 10 (10/27)7Texas71Big 12
100%
Week 2 (9/2)3Texas10Big 12
100%
Week 11 (11/3)11Alabama72SEC
94%
Week 8 (10/13)24Alabama42SEC
94%
Week 10 (10/27)12Alabama62SEC
94%
Week 9 (10/20)19Alabama52SEC
94%
Week 12 (11/10)10Alabama82SEC
94%
Week 6 (9/29)22Alabama41SEC
94%
Week 16 (12/8)13Alabama103SEC
94%
Week 13 (11/17)9Alabama92SEC
94%
Week 14 (11/24)14Alabama93SEC
94%
Postseason11Alabama103SEC
94%
Week 15 (12/1)14Alabama103SEC
94%
Week 4 (9/15)10Florida21SEC
94%
Week 13 (11/17)19Florida83SEC
94%
Week 6 (9/29)6Florida41SEC
94%
Week 14 (11/24)15Florida83SEC
94%
Week 16 (12/8)22Florida84SEC
94%
Preseason6Florida00SEC
94%
Week 12 (11/10)20Florida73SEC
94%
Week 11 (11/3)23Florida63SEC
94%
Week 7 (10/6)16Florida42SEC
94%
Week 1 (8/26)6Florida00SEC
94%
Week 15 (12/1)23Florida84SEC
94%
Week 5 (9/22)7Florida31SEC
94%
Week 3 (9/8)12Florida11SEC
94%
Week 2 (9/2)6Florida10SEC
94%
Week 16 (12/8)16Florida State94ACC
94%
Week 14 (11/24)23Florida State84ACC
94%
Week 2 (9/2)5Florida State20ACC
94%
Week 1 (8/26)5Florida State10ACC
94%
Week 9 (10/20)11Florida State52ACC
94%
Week 15 (12/1)16Florida State94ACC
94%
Week 8 (10/13)12Florida State52ACC
94%
Week 5 (9/22)4Florida State40ACC
94%
Week 10 (10/27)18Florida State53ACC
94%
Week 4 (9/15)5Florida State30ACC
94%
Preseason3Florida State00ACC
94%
Week 3 (9/8)5Florida State20ACC
94%
Postseason21Florida State95ACC
94%
Week 12 (11/10)15Florida State73ACC
94%
Week 6 (9/29)11Florida State41ACC
94%
Week 11 (11/3)17Florida State63ACC
94%
Week 7 (10/6)9Florida State51ACC
94%
Week 13 (11/17)14Florida State83ACC
94%
Week 7 (10/6)6Georgia50SEC
94%
Week 6 (9/29)7Georgia40SEC
94%
Preseason8Georgia00SEC
94%
Week 16 (12/8)4Georgia121SEC
94%
Week 8 (10/13)5Georgia60SEC
94%
Week 1 (8/26)8Georgia00SEC
94%
Week 5 (9/22)8Georgia30SEC
94%
Postseason3Georgia131SEC
94%
Week 3 (9/8)9Georgia10SEC
94%
Week 9 (10/20)5Georgia70SEC
94%
Week 10 (10/27)5Georgia80SEC
94%
Week 13 (11/17)6Georgia101SEC
94%
Week 4 (9/15)8Georgia20SEC
94%
Week 11 (11/3)7Georgia81SEC
94%
Week 14 (11/24)5Georgia101SEC
94%
Week 2 (9/2)10Georgia10SEC
94%
Week 15 (12/1)4Georgia111SEC
94%
Week 12 (11/10)7Georgia91SEC
94%
Week 8 (10/13)14LSU51SEC
94%
Week 1 (8/26)14LSU00SEC
94%
Week 2 (9/2)24LSU01SEC
94%
Preseason14LSU00SEC
94%
Week 13 (11/17)21LSU73SEC
94%
Week 11 (11/3)16LSU62SEC
94%
Week 7 (10/6)18LSU41SEC
94%
Week 5 (9/22)22LSU21SEC
94%
Week 14 (11/24)18LSU83SEC
94%
Week 10 (10/27)17LSU62SEC
94%
Week 6 (9/29)21LSU31SEC
94%
Week 4 (9/15)24LSU21SEC
94%
Week 9 (10/20)10LSU61SEC
94%
Week 12 (11/10)14LSU72SEC
94%
Week 3 (9/8)25LSU11SEC
94%
Week 12 (11/10)1Miami90Big East
94%
Week 7 (10/6)1Miami50Big East
94%
Week 8 (10/13)1Miami60Big East
94%
Week 13 (11/17)1Miami90Big East
94%
Week 11 (11/3)2Miami80Big East
94%
Postseason2Miami121Big East
94%
Week 14 (11/24)1Miami100Big East
94%
Week 16 (12/8)1Miami120Big East
94%
Week 10 (10/27)1Miami70Big East
94%
Week 15 (12/1)1Miami110Big East
94%
Preseason1Miami00Big East
94%
Week 9 (10/20)1Miami60Big East
94%
Week 3 (9/8)1Miami20Big East
94%
Week 1 (8/26)1Miami00Big East
94%
Week 5 (9/22)1Miami40Big East
94%
Week 4 (9/15)1Miami30ACC
94%
Week 2 (9/2)1Miami10Big East
94%
Week 6 (9/29)1Miami40Big East
94%
Week 3 (9/8)15Michigan State20Big Ten
94%
Preseason18Michigan State00Big Ten
94%
Week 2 (9/2)15Michigan State10Big Ten
94%
Week 1 (8/26)18Michigan State00Big Ten
94%
Week 8 (10/13)6Oregon60Pacific-10
94%
Week 1 (8/26)15Oregon00Pacific-10
94%
Week 5 (9/22)9Oregon40Pacific-10
94%
Week 4 (9/15)9Oregon30Pacific-10
94%
Week 10 (10/27)19Oregon62Pacific-10
94%
Week 9 (10/20)14Oregon61Pacific-10
94%
Week 3 (9/8)13Oregon20Pacific-10
94%
Week 12 (11/10)23Oregon73Pacific-10
94%
Week 6 (9/29)8Oregon40Pacific-10
94%
Week 7 (10/6)7Oregon50Pacific-10
94%
Week 2 (9/2)13Oregon10Pacific-10
94%
Week 11 (11/3)15Oregon72Pacific-10
94%
Preseason15Oregon00Pacific-10
94%
Week 4 (9/15)20UCLA20Pacific-10
94%
Week 13 (11/17)25UCLA73Pacific-10
94%
Week 3 (9/8)23UCLA10Pacific-10
94%
Week 8 (10/13)19USC42Pacific-10
94%
Week 6 (9/29)18USC31Pacific-10
94%
Week 12 (11/10)8USC72Pacific-10
94%
Week 11 (11/3)10USC62Pacific-10
94%
Postseason4USC112Pacific-10
94%
Week 3 (9/8)17USC10Pacific-10
94%
Week 16 (12/8)5USC102Pacific-10
94%
Preseason20USC00Pacific-10
94%
Week 9 (10/20)15USC52Pacific-10
94%
Week 5 (9/22)18USC21Pacific-10
94%
Week 10 (10/27)11USC62Pacific-10
94%
Week 4 (9/15)11USC20Pacific-10
94%
Week 1 (8/26)20USC00Pacific-10
94%
Week 14 (11/24)6USC92Pacific-10
94%
Week 15 (12/1)5USC102Pacific-10
94%
Week 13 (11/17)7USC82Pacific-10
94%
Week 7 (10/6)20USC32Pacific-10
94%
Week 2 (9/2)18USC00Pacific-10
94%
Postseason22Virginia95ACC
94%
Week 14 (11/24)20Auburn84SEC
88%
Week 7 (10/6)24Auburn41SEC
88%
Week 12 (11/10)24Auburn73SEC
88%
Week 16 (12/8)19Auburn84SEC
88%
Week 15 (12/1)20Auburn84SEC
88%
Postseason14Auburn94SEC
88%
Week 4 (9/15)23California30Pacific-10
88%
Week 13 (11/17)5Iowa111Big Ten
88%
Week 8 (10/13)15Iowa61Big Ten
88%
Week 15 (12/1)3Iowa111Big Ten
88%
Week 16 (12/8)3Iowa111Big Ten
88%
Week 14 (11/24)4Iowa111Big Ten
88%
Week 7 (10/6)17Iowa51Big Ten
88%
Week 9 (10/20)13Iowa71Big Ten
88%
Week 12 (11/10)6Iowa101Big Ten
88%
Week 6 (9/29)24Iowa41Big Ten
88%
Week 11 (11/3)6Iowa91Big Ten
88%
Week 10 (10/27)9Iowa81Big Ten
88%
Postseason8Iowa112Big Ten
88%
Week 6 (9/29)13Kansas State40Big 12
88%
Week 14 (11/24)8Kansas State102Big 12
88%
Week 16 (12/8)6Kansas State102Big 12
88%
Week 11 (11/3)12Kansas State72Big 12
88%
Week 5 (9/22)15Kansas State40Big 12
88%
Week 9 (10/20)20Kansas State52Big 12
88%
Week 10 (10/27)14Kansas State62Big 12
88%
Week 13 (11/17)10Kansas State92Big 12
88%
Week 15 (12/1)6Kansas State102Big 12
88%
Week 12 (11/10)11Kansas State82Big 12
88%
Week 4 (9/15)25Kansas State30Big 12
88%
Postseason7Kansas State112Big 12
88%
Week 7 (10/6)19Kansas State41Big 12
88%
Week 8 (10/13)17Kansas State51Big 12
88%
Week 5 (9/22)23Oregon State40Pacific-10
88%
Week 1 (8/26)24Penn State00Big Ten
88%
Week 6 (9/29)20Penn State31Big Ten
88%
Week 15 (12/1)10Penn State93Big Ten
88%
Week 10 (10/27)20Penn State53Big Ten
88%
Preseason24Penn State00Big Ten
88%
Week 4 (9/15)15Penn State20Big Ten
88%
Week 14 (11/24)11Penn State93Big Ten
88%
Week 13 (11/17)15Penn State83Big Ten
88%
Week 5 (9/22)12Penn State30Big Ten
88%
Week 7 (10/6)15Penn State41Big Ten
88%
Week 16 (12/8)10Penn State93Big Ten
88%
Postseason16Penn State94Big Ten
88%
Week 12 (11/10)16Penn State73Big Ten
88%
Week 9 (10/20)18Penn State52Big Ten
88%
Week 8 (10/13)20Penn State42Big Ten
88%
Week 11 (11/3)19Penn State63Big Ten
88%
Week 12 (11/10)18Pittsburgh82Big East
88%
Week 13 (11/17)17Pittsburgh82Big East
88%
Week 15 (12/1)25Pittsburgh84Big East
88%
Week 11 (11/3)22Pittsburgh72Big East
88%
Week 14 (11/24)17Pittsburgh83Big East
88%
Postseason19Pittsburgh94Big East
88%
Week 16 (12/8)24Pittsburgh84Big East
88%
Week 5 (9/22)11Tennessee21SEC
88%
Week 1 (8/26)4Tennessee00SEC
88%
Week 2 (9/2)4Tennessee10SEC
88%
Week 7 (10/6)10Tennessee41SEC
88%
Week 4 (9/15)4Tennessee20SEC
88%
Week 9 (10/20)16Tennessee42SEC
88%
Week 10 (10/27)25Tennessee43SEC
88%
Preseason5Tennessee00SEC
88%
Week 3 (9/8)4Tennessee20SEC
88%
Week 8 (10/13)16Tennessee42SEC
88%
Week 6 (9/29)10Tennessee31SEC
88%
Week 3 (9/8)11Virginia Tech20Big East
88%
Week 12 (11/10)13Virginia Tech82Big East
88%
Week 9 (10/20)3Virginia Tech70Big East
88%
Week 5 (9/22)5Virginia Tech40Big East
88%
Week 13 (11/17)13Virginia Tech82Big East
88%
Preseason16Virginia Tech00Big East
88%
Week 1 (8/26)16Virginia Tech10Big East
88%
Postseason18Virginia Tech94Big East
88%
Week 8 (10/13)3Virginia Tech60Big East
88%
Week 15 (12/1)18Virginia Tech93Big East
88%
Week 6 (9/29)4Virginia Tech50Big East
88%
Week 16 (12/8)21Virginia Tech94Big East
88%
Week 14 (11/24)22Virginia Tech83Big East
88%
Week 4 (9/15)7Virginia Tech30Big East
88%
Week 10 (10/27)3Virginia Tech80Big East
88%
Week 2 (9/2)12Virginia Tech20Big East
88%
Week 11 (11/3)8Virginia Tech81Big East
88%
Week 7 (10/6)4Virginia Tech50Big East
88%
Week 7 (10/6)22Washington32Pacific-10
88%
Week 2 (9/2)14Washington01Pacific-10
88%
Week 1 (8/26)11Washington00Pacific-10
88%
Week 4 (9/15)13Washington11Pacific-10
88%
Week 5 (9/22)13Washington21Pacific-10
88%
Week 8 (10/13)22Washington42Pacific-10
88%
Week 6 (9/29)12Washington31Pacific-10
88%
Week 3 (9/8)14Washington11Pacific-10
88%
Preseason9Washington00Pacific-10
88%
Week 5 (9/22)21Wisconsin50Big Ten
88%
Week 2 (9/2)25Wisconsin20Big Ten
88%
Preseason25Wisconsin00Big Ten
88%
Week 6 (9/29)19Wisconsin50Big Ten
88%
Week 4 (9/15)22Wisconsin40Big Ten
88%
Week 7 (10/6)23Wisconsin51Big Ten
88%
Week 3 (9/8)22Wisconsin30Big Ten
88%
Week 16 (12/8)25Arkansas94SEC
82%
Week 15 (12/1)22Arkansas93SEC
82%
Preseason7Colorado00Big 12
82%
Week 14 (11/24)13Colorado83Big 12
82%
Week 2 (9/2)17Colorado01Big 12
82%
Week 15 (12/1)12Colorado93Big 12
82%
Week 13 (11/17)16Colorado83Big 12
82%
Postseason20Colorado95Big 12
82%
Week 16 (12/8)14Colorado94Big 12
82%
Week 12 (11/10)17Colorado73Big 12
82%
Week 11 (11/3)18Colorado63Big 12
82%
Week 8 (10/13)23Colorado42Big 12
82%
Week 9 (10/20)21Colorado52Big 12
82%
Week 10 (10/27)13Colorado62Big 12
82%
Week 3 (9/8)18Colorado11Big 12
82%
Week 1 (8/26)7Colorado00Big 12
82%
Week 10 (10/27)22Iowa State63Big 12
82%
Week 6 (9/29)15Iowa State51Big 12
82%
Week 4 (9/15)21Iowa State31Big 12
82%
Week 7 (10/6)11Iowa State51Big 12
82%
Week 9 (10/20)17Iowa State62Big 12
82%
Week 11 (11/3)21Iowa State73Big 12
82%
Week 8 (10/13)9Iowa State61Big 12
82%
Week 5 (9/22)19Iowa State41Big 12
82%
Week 10 (10/27)23Minnesota71Big Ten
82%
Week 9 (10/20)25Minnesota71Big Ten
82%
Week 4 (9/15)19Texas A&M20Big 12
82%
Week 1 (8/26)23Texas A&M00Big 12
82%
Preseason23Texas A&M00Big 12
82%
Week 5 (9/22)24Texas A&M21Big 12
82%
Week 6 (9/29)23Texas A&M31Big 12
82%
Week 2 (9/2)20Texas A&M10Big 12
82%
Week 3 (9/8)21Texas A&M20Big 12
82%
Week 11 (11/3)5Washington State81Pacific-10
82%
Week 1 (8/26)12Washington State00Pacific-10
82%
Week 14 (11/24)9Washington State92Pacific-10
82%
Week 10 (10/27)8Washington State71Pacific-10
82%
Week 4 (9/15)16Washington State21Pacific-10
82%
Week 16 (12/8)7Washington State102Pacific-10
82%
Week 12 (11/10)3Washington State91Pacific-10
82%
Week 2 (9/2)11Washington State10Pacific-10
82%
Preseason11Washington State00Pacific-10
82%
Week 13 (11/17)3Washington State91Pacific-10
82%
Postseason10Washington State103Pacific-10
82%
Week 8 (10/13)10Washington State61Pacific-10
82%
Week 7 (10/6)12Washington State51Pacific-10
82%
Week 15 (12/1)7Washington State92Pacific-10
82%
Week 5 (9/22)16Washington State31Pacific-10
82%
Week 3 (9/8)10Washington State20Pacific-10
82%
Week 9 (10/20)9Washington State61Pacific-10
82%
Week 6 (9/29)17Washington State41Pacific-10
82%
Week 14 (11/24)24West Virginia84Big East
82%
Week 15 (12/1)15West Virginia93Big East
82%
Week 16 (12/8)15West Virginia93Big East
82%
Postseason25West Virginia94Big East
82%
Week 10 (10/27)16Arizona State72Pacific-10
76%
Week 11 (11/3)25Arizona State73Pacific-10
76%
Week 9 (10/20)23Arizona State62Pacific-10
76%
Week 12 (11/10)19Maryland82ACC
76%
Week 15 (12/1)21Maryland103ACC
76%
Preseason21Maryland00ACC
76%
Week 13 (11/17)18Maryland92ACC
76%
Week 1 (8/26)21Maryland00ACC
76%
Week 16 (12/8)20Maryland103ACC
76%
Postseason13Maryland113ACC
76%
Week 14 (11/24)25Maryland93ACC
76%
Week 5 (9/22)10Notre Dame40Independent
71%
Week 9 (10/20)6Notre Dame70Independent
71%
Week 8 (10/13)7Notre Dame60Independent
71%
Week 10 (10/27)4Notre Dame80Independent
71%
Week 4 (9/15)12Notre Dame30Independent
71%
Postseason17Notre Dame103Independent
71%
Week 16 (12/8)11Notre Dame102Independent
71%
Week 11 (11/3)9Notre Dame81Independent
71%
Week 3 (9/8)20Notre Dame20Independent
71%
Week 6 (9/29)9Notre Dame40Independent
71%
Week 7 (10/6)8Notre Dame50Independent
71%
Week 12 (11/10)9Notre Dame91Independent
71%
Week 13 (11/17)8Notre Dame91Independent
71%
Week 2 (9/2)23Notre Dame10Independent
71%
Week 14 (11/24)7Notre Dame101Independent
71%
Week 15 (12/1)11Notre Dame102Independent
71%
Week 7 (10/6)25Ole Miss41SEC
71%
Week 8 (10/13)21Ole Miss51SEC
71%
Week 13 (11/17)24Texas Tech84Big 12
71%
Preseason17Louisville00C-USA
65%
Week 1 (8/26)17Louisville00C-USA
65%
Week 16 (12/8)17NC State103ACC
65%
Week 4 (9/15)17NC State40ACC
65%
Week 10 (10/27)10NC State90ACC
65%
Week 8 (10/13)13NC State70ACC
65%
Week 5 (9/22)17NC State50ACC
65%
Week 15 (12/1)17NC State103ACC
65%
Week 9 (10/20)12NC State80ACC
65%
Week 11 (11/3)14NC State91ACC
65%
Week 2 (9/2)21NC State20ACC
65%
Week 3 (9/8)19NC State30ACC
65%
Postseason12NC State113ACC
65%
Week 1 (8/26)25NC State10ACC
65%
Week 7 (10/6)14NC State60ACC
65%
Week 14 (11/24)21NC State103ACC
65%
Week 6 (9/29)16NC State60ACC
65%
Week 12 (11/10)22NC State92ACC
65%
Week 1 (8/26)22South Carolina00SEC
65%
Preseason22South Carolina00SEC
65%
Week 2 (9/2)22South Carolina10SEC
65%
Postseason15Boise State121WAC
59%
Week 13 (11/17)23Boise State101WAC
59%
Week 14 (11/24)19Boise State111WAC
59%
Week 15 (12/1)19Boise State111WAC
59%
Week 16 (12/8)18Boise State111WAC
59%
Week 12 (11/10)25TCU81C-USA
59%
Week 13 (11/17)22TCU81C-USA
59%
Postseason23TCU102C-USA
59%
Week 16 (12/8)23Colorado State103Mountain West
47%
Week 12 (11/10)21Colorado State82Mountain West
47%
Week 14 (11/24)16Colorado State102Mountain West
47%
Week 5 (9/22)25Colorado State31Mountain West
47%
Week 15 (12/1)24Colorado State103Mountain West
47%
Week 11 (11/3)24Colorado State82Mountain West
47%
Week 3 (9/8)24Colorado State21Mountain West
47%
Week 6 (9/29)25Colorado State41Mountain West
47%
Week 10 (10/27)24Colorado State72Mountain West
47%
Week 2 (9/2)19Colorado State20Mountain West
47%
Week 13 (11/17)20Colorado State92Mountain West
47%
Week 8 (10/13)18Air Force60Mountain West
41%
Week 7 (10/6)21Air Force50Mountain West
41%
Week 9 (10/20)22Air Force61Mountain West
41%
Postseason24Marshall112MAC
41%
Week 2 (9/2)16Marshall10MAC
41%
Week 3 (9/8)16Marshall10MAC
41%
Preseason19Marshall00MAC
41%
Week 1 (8/26)19Marshall00MAC
41%
Week 11 (11/3)20Bowling Green80MAC
18%
Week 10 (10/27)21Bowling Green70MAC
18%
Week 8 (10/13)25Bowling Green50MAC
18%
Week 9 (10/20)24Bowling Green60MAC
18%

Score Distribution

Percentile by Number Answered

Percent of People with Each Score

Your Score History

You have not taken this quiz